Wood Pole conference.

Bibliographic Details
Corporate Authors: Wood Pole Conference Oregon State College, Corvallis, Oregon State University. School of Forestry
Format: Conference Proceeding Book
Language:English
Published: [Portland] : [General Extension Division, Oregon State System of Higher Education], [1960?]
Subjects:

MARC

Tag First Indicator Second Indicator Subfields
LEADER 00000cam a2200000 4500
001 in00000725328
005 20151016083333.0
008 851114s1960 orua b 10000 eng
010 |a  67119287  
035 |a (OCoLC)12796711 
035 |9 ADG7938AM 
040 |a DLC  |c TXK  |d TXK  |d TXA  |d UtOrBLW 
049 |a TXAM  |c [A11078233] 
050 0 |a TK3242  |b .W63 1960 
111 2 |a Wood Pole Conference  |d (1960 :  |c Oregon State College, Corvallis) 
245 1 0 |a Wood Pole conference. 
264 1 |a [Portland] :  |b [General Extension Division, Oregon State System of Higher Education],  |c [1960?] 
300 |a 1 volume (various pagings) :  |b illustrations ;  |c 29 cm. 
336 |a text  |b txt  |2 rdacontent 
337 |a unmediated  |b n  |2 rdamedia 
338 |a volume  |b nc  |2 rdacarrier 
500 |a Cover title. 
500 |a Sponsored by the School of Foretry, Oregon State College, the Forest Research Center, Corvallis, and the General Extension Division, Oregon State System of Higher Education. 
504 |a Includes bibliographical references. 
650 0 |a Electric lines  |x Poles and towers. 
710 2 |a Oregon State University.  |b School of Forestry. 
999 |a MARS 
999 f f |s f3f12bb2-84eb-3712-822e-ae20b3538bbd  |i 5d857c51-580f-3217-b585-789878750cab  |t 0 
952 f f |p ric  |a Texas A&M University  |b Rellis Campus  |c Joint Library Facility  |d Remote Storage  |t 0  |e TK3242 .W63 1960  |h Library of Congress classification  |i unmediated -- volume  |m A14811078233 
998 f f |a TK3242 .W63 1960  |t 0  |l Remote Storage